[Event "GER-chT U20 Girls"]
[Site "Osnabrueck"]
[Date "2015.12.28"]
[Round "3.1"]
[White "Weber, Sandra"]
[Black "Schumann, Rabea"]
[Result "1/2-1/2"]
[WhiteElo "1826"]
[BlackElo "1714"]
[PlyCount "91"]
[EventDate "2015.12.27"]
[EventType "team-swiss"]
[EventRounds "7"]
[EventCountry "GER"]
[SourceTitle "EXT 2017"]
[Source "ChessBase"]
[SourceDate "2016.10.25"]
[SourceVersion "1"]
[SourceVersionDate "2016.10.25"]
[SourceQuality "1"]
[WhiteTeam "Stuttgart Wolfbusch"]
[BlackTeam "Guestrow/Teterow"]
[WhiteTeamCountry "GER"]
[BlackTeamCountry "GER"]

1. e4 c5 2. Nf3 Nc6 3. d4 cxd4 4. Nxd4 g6 5. Nc3 Bg7 6. Be3 Nf6 7. Bc4 Qa5 8. 0-0 0-0 9. Bb3 d6 10. h3 Bd7 11. f4 Nxd4 12. Bxd4 Bc6 13. Nd5 Bxd5 14. exd5 Rfe8 15. Qf3 Nd7 16. Bxg7 Kxg7 17. Kh1 Rac8 18. Rae1 f6 19. Re2 Kf7 20. Rfe1 Nc5 21. Qg4 Nxb3 22. Qe6+ Kf8 23. axb3 Rc7 24. c3 Qb5 25. b4 Qd7 26. Qe3 Qf5 27. Qd4 g5 28. Rf2 g4 29. hxg4 Qxg4 30. Qe4 f5 31. Qf3 h5 32. Qxg4 hxg4 33. g3 Kf7 34. Ree2 Rh8+ 35. Kg2 a6 36. Re3 Rh6 37. Ree2 Rh8 38. Re1 Rh6 39. Rfe2 Rh8 40. Re6 Rh7 41. R1e2 Rh8 42. Re1 Rh7 43. R1e3 Rh8 44. Re1 Rh7 45. R1e3 Rh8 46. Re1 1/2-1/2

[Event "Berlin Lichtenberger op 14th"]
[Site "Berlin"]
[Date "2015.08.23"]
[Round "9"]
[White "Weber, Sandra"]
[Black "Engelhardt, Erhard"]
[Result "1/2-1/2"]
[WhiteElo "1837"]
[BlackElo "1805"]
[PlyCount "86"]
[EventDate "2015.08.15"]
[EventType "swiss"]
[EventRounds "9"]
[EventCountry "GER"]
[SourceTitle "EXT 2016"]
[Source "ChessBase"]
[SourceDate "2015.10.08"]
[SourceVersion "1"]
[SourceVersionDate "2015.10.08"]
[SourceQuality "1"]

1. e4 d5 2. exd5 Qxd5 3. Nc3 Qd6 4. d4 Nf6 5. Nge2 c6 6. g3 Bf5 7. Bf4 Qd8 8. Bg2 e6 9. 0-0 Bd6 10. Bg5 Be7 11. Re1 0-0 12. Bxf6 Bxf6 13. Be4 Bxe4 14. Nxe4 Nd7 15. c3 Qc7 16. Nf4 g6 17. Qb3 Rfe8 18. Rad1 Rad8 19. Nd3 Bg7 20. Qa3 Nb6 21. Qb3 Nc8 22. Nec5 Re7 23. Qc2 b6 24. Ne4 Red7 25. Qe2 Nd6 26. Ng5 Re7 27. f4 h6 28. Nf3 Rde8 29. Qg2 f6 30. Qc2 Nf7 31. Nf2 f5 32. Nd3 Bf6 33. Re2 Nd6 34. Rde1 Ne4 35. Nf2 Nxf2 36. Kxf2 c5 37. Qd2 Kf7 38. d5 exd5 39. Qxd5+ Kg7 40. Rxe7+ Rxe7 41. Rxe7+ Qxe7 42. Nd2 Qd8 43. Qxd8 Bxd8 1/2-1/2

[Event "Berlin Lichtenberger op 14th"]
[Site "Berlin"]
[Date "2015.08.18"]
[Round "4"]
[White "Vogel, Robert"]
[Black "Weber, Sandra"]
[Result "1-0"]
[WhiteElo "2218"]
[BlackElo "1837"]
[PlyCount "91"]
[EventDate "2015.08.15"]
[EventType "swiss"]
[EventRounds "9"]
[EventCountry "GER"]
[SourceTitle "EXT 2016"]
[Source "ChessBase"]
[SourceDate "2015.10.08"]
[SourceVersion "1"]
[SourceVersionDate "2015.10.08"]
[SourceQuality "1"]

1. d4 Nf6 2. c4 c5 3. d5 b5 4. cxb5 a6 5. bxa6 Bxa6 6. Nc3 g6 7. e4 Bxf1 8. Kxf1 d6 9. Nge2 Bg7 10. h3 0-0 11. Kg1 Qb6 12. Rb1 Na6 13. Be3 Qb7 14. Kh2 Rfd8 15. Qd2 e6 16. Rhd1 exd5 17. exd5 Re8 18. Kg1 Nd7 19. Bh6 Bh8 20. Ng3 Nf6 21. Re1 Nb4 22. Rxe8+ Rxe8 23. Rd1 Qa6 24. a3 Nbxd5 25. Nxd5 Nxd5 26. Qxd5 Bxb2 27. Qxd6 Qxd6 28. Rxd6 Bxa3 29. Ne4 Bb2 30. Nf6+ Bxf6 31. Rxf6 Re1+ 32. Kh2 Re6 33. Rxe6 fxe6 34. Kg3 Kf7 35. Kf4 c4 36. Ke4 Kf6 37. Kd4 Kf5 38. g4+ Kf6 39. Kxc4 Ke5 40. Kd3 Kd5 41. Ke3 Ke5 42. Bg7+ Kd6 43. Kf4 Kd5 44. f3 e5+ 45. Bxe5 Ke6 46. Bc3 1-0

[Event "GER-ch U18 Girls"]
[Site "Willingen"]
[Date "2015.05.30"]
[Round "9"]
[White "Weber, Sandra"]
[Black "Diederichs, Luise"]
[Result "1/2-1/2"]
[WhiteElo "1859"]
[BlackElo "2035"]
[PlyCount "41"]
[EventDate "2015.05.24"]
[EventType "swiss"]
[EventRounds "9"]
[EventCountry "GER"]
[SourceTitle "CBM 166 Extra"]
[Source "ChessBase"]
[SourceDate "2015.06.18"]
[SourceVersion "1"]
[SourceVersionDate "2015.06.18"]
[SourceQuality "1"]

1. e4 c5 2. Nf3 d6 3. d4 cxd4 4. Nxd4 Nf6 5. Nc3 a6 6. Be2 e5 7. Nb3 Be7 8. 0-0 0-0 9. Kh1 Be6 10. f4 exf4 11. Bxf4 Nc6 12. a4 Rc8 13. Qe1 Ne5 14. Qg3 Ng6 15. Be3 Nd7 16. Bd4 Nde5 17. Rad1 Bh4 18. Qe3 Qe7 19. Nd2 Bg5 20. Qg1 Nf4 21. Bf3 1/2-1/2

[Event "GER-ch U18 Girls"]
[Site "Willingen"]
[Date "2015.05.26"]
[Round "5"]
[White "Poetsch, Leonore"]
[Black "Weber, Sandra"]
[Result "1/2-1/2"]
[WhiteElo "1735"]
[BlackElo "1859"]
[PlyCount "52"]
[EventDate "2015.05.24"]
[EventType "swiss"]
[EventRounds "9"]
[EventCountry "GER"]
[SourceTitle "CBM 166 Extra"]
[Source "ChessBase"]
[SourceDate "2015.06.18"]
[SourceVersion "1"]
[SourceVersionDate "2015.06.18"]
[SourceQuality "1"]

1. Nf3 Nf6 2. g3 g6 3. Bg2 Bg7 4. 0-0 0-0 5. d4 d6 6. b3 Nbd7 7. Bb2 c5 8. c3 Rb8 9. Nbd2 d5 10. Rc1 b5 11. Qc2 Bb7 12. c4 bxc4 13. bxc4 dxc4 14. Nxc4 Bd5 15. Nce5 Be4 16. Qd2 Nxe5 17. Nxe5 Bxg2 18. Kxg2 Qd5+ 19. Nf3 Qxa2 20. Rc2 Ne4 21. Qc1 cxd4 22. Bxd4 Qa6 23. Qe3 Bxd4 24. Qxd4 Nd6 25. Ra1 Qb6 26. Rxa7 Qb3 1/2-1/2

[Event "GER-ch U18 Girls"]
[Site "Willingen"]
[Date "2015.05.26"]
[Round "4"]
[White "Weber, Sandra"]
[Black "Herbrig, Marie Helen"]
[Result "0-1"]
[WhiteElo "1859"]
[BlackElo "1778"]
[PlyCount "106"]
[EventDate "2015.05.24"]
[EventType "swiss"]
[EventRounds "9"]
[EventCountry "GER"]
[SourceTitle "CBM 166 Extra"]
[Source "ChessBase"]
[SourceDate "2015.06.18"]
[SourceVersion "1"]
[SourceVersionDate "2015.06.18"]
[SourceQuality "1"]

1. e4 c5 2. Nf3 Nc6 3. d4 cxd4 4. Nxd4 Nf6 5. Nc3 d6 6. Bc4 e6 7. Be3 Be7 8. Bb3 0-0 9. 0-0 a6 10. f4 Qc7 11. f5 e5 12. Nde2 b5 13. a3 Rb8 14. Nd5 Nxd5 15. Bxd5 Na5 16. Ng3 Nc4 17. Bxc4 Qxc4 18. c3 f6 19. Rc1 Bb7 20. b3 Qc6 21. c4 bxc4 22. Rxc4 Qd7 23. b4 a5 24. Qb3 d5 25. Rcc1 Kh8 26. exd5 Qxd5 27. Qxd5 Bxd5 28. Bc5 Rfe8 29. Bxe7 Rxe7 30. Rc5 Ba8 31. Rxa5 Rd7 32. Re1 Rd4 33. Ne2 Rd2 34. Rc5 Be4 35. g3 Bxf5 36. Nc3 h5 37. Ne4 Ra2 38. Nd6 Bg6 39. Rc3 Rd8 40. Nc4 Rd4 41. Rec1 Be4 42. h4 Kh7 43. b5 f5 44. b6 f4 45. Rb3 Rg2+ 46. Kf1 Rh2 47. b7 Bxb7 48. Rxb7 Rh1+ 49. Kg2 Rxc1 50. Nxe5 fxg3 51. Kxg3 Rc3+ 52. Nf3 Rg4+ 53. Kf2 Rf4 0-1

[Event "GER-ch U18 Girls"]
[Site "Willingen"]
[Date "2015.05.24"]
[Round "1"]
[White "Schirrmeister, Laura"]
[Black "Weber, Sandra"]
[Result "0-1"]
[WhiteElo "1166"]
[BlackElo "1859"]
[PlyCount "38"]
[EventDate "2015.05.24"]
[EventType "swiss"]
[EventRounds "9"]
[EventCountry "GER"]
[SourceTitle "CBM 166 Extra"]
[Source "ChessBase"]
[SourceDate "2015.06.18"]
[SourceVersion "1"]
[SourceVersionDate "2015.06.18"]
[SourceQuality "1"]

1. f4 c5 2. Nf3 Nc6 3. g3 d5 4. Bg2 Nf6 5. 0-0 g6 6. d3 Bg7 7. Nc3 0-0 8. Qe1 e6 9. Bd2 Kh8 10. h3 Ng8 11. Qf2 b6 12. g4 Bd7 13. e4 dxe4 14. dxe4 Nd4 15. Ng5 h6 16. Nf3 Nxc2 17. Rad1 Qe7 18. g5 h5 19. Nh4 Bd4 0-1

[Event "Stuttgart-chA op"]
[Site "Ditzingen"]
[Date "2015.05.16"]
[Round "5"]
[White "Mueller, Anja"]
[Black "Weber, Sandra"]
[Result "1-0"]
[WhiteElo "1975"]
[BlackElo "1862"]
[PlyCount "99"]
[EventDate "2015.05.14"]
[EventType "swiss"]
[EventRounds "7"]
[EventCountry "GER"]
[SourceTitle "EXT 2018"]
[Source "ChessBase"]
[SourceDate "2017.10.13"]
[SourceVersion "1"]
[SourceVersionDate "2017.10.13"]
[SourceQuality "1"]

1. d4 Nf6 2. c4 c5 3. d5 b5 4. Nd2 d6 5. e4 bxc4 6. Bxc4 g6 7. Ne2 Bg7 8. Nc3 0-0 9. 0-0 Nfd7 10. f4 Nb6 11. Bd3 Na6 12. Nf3 c4 13. Bc2 Bb7 14. Be3 e6 15. dxe6 fxe6 16. Ng5 Qe7 17. Qg4 Nc7 18. Rae1 Bf6 19. f5 exf5 20. exf5 Qg7 21. fxg6 hxg6 22. Ne6 Nxe6 23. Qxe6+ Kh7 24. Ne4 Bxe4 25. Bxe4 Rae8 26. Qh3+ Kg8 27. Bxb6 Bd4+ 28. Bxd4 Qxd4+ 29. Qe3 Rxe4 30. Rxf8+ Kxf8 31. Qxd4 Rxd4 32. Kf2 Kf7 33. Re2 Kf6 34. Rc2 Re4 35. Kf3 Ke5 36. Re2 Rxe2 37. Kxe2 Ke4 38. Kd2 Kd4 39. h4 Ke5 40. g4 d5 41. b3 Kf4 42. h5 gxh5 43. gxh5 Kg5 44. Kc3 Kxh5 45. bxc4 dxc4 46. Kxc4 Kg5 47. Kb5 Kf6 48. Ka6 Ke6 49. Kxa7 Kd5 50. Kb6 1-0

[Event "GER-chT Lands U20"]
[Site "Hannover"]
[Date "2014.10.07"]
[Round "7.6"]
[White "Roseneck, Jonas"]
[Black "Weber, Sandra"]
[Result "1/2-1/2"]
[WhiteElo "1765"]
[BlackElo "1824"]
[PlyCount "96"]
[EventDate "2014.10.03"]
[EventType "team-swiss"]
[EventRounds "7"]
[EventCountry "GER"]
[SourceTitle "CBM 162 Extra"]
[Source "ChessBase"]
[SourceDate "2014.10.17"]
[SourceVersion "1"]
[SourceVersionDate "2014.10.17"]
[SourceQuality "1"]
[WhiteTeam "Sachsen Anhalt"]
[BlackTeam "Wuerttemberg"]
[WhiteTeamCountry "GER"]
[BlackTeamCountry "GER"]

1. e4 c5 2. Nf3 Nc6 3. d4 cxd4 4. Nxd4 g6 5. Nc3 Bg7 6. Be3 Nf6 7. Bc4 Qa5 8. 0-0 0-0 9. Nb3 Qc7 10. Bg5 Qb8 11. f4 d6 12. Qd2 a6 13. a4 b6 14. Rae1 Be6 15. Bd5 Qb7 16. Kh1 Rfe8 17. h3 Bxd5 18. Nxd5 Nh5 19. Kh2 Bxb2 20. c3 Ba3 21. f5 f6 22. Bh4 Ne5 23. fxg6 Nxg6 24. Qh6 Nxh4 25. Qxh5 Ng6 26. Nd4 Rf8 27. Ne6 Rf7 28. Rb1 Bc5 29. Nxc5 dxc5 30. Rxb6 Qd7 31. Qf5 Qxa4 32. Nc7 Rd8 33. Ne6 Re8 34. Nxc5 Qa5 35. Rxa6 Qxc3 36. Ne6 Qe5+ 37. Kg1 Qxf5 38. exf5 Ne5 39. Rfa1 h6 40. Ra8 Rxa8 41. Rxa8+ Kh7 42. Kf2 Nc4 43. Kf3 Nd2+ 44. Ke2 Ne4 45. h4 Ng3+ 46. Kf3 Nxf5 47. g3 Nd6 48. Ra7 Nc4 1/2-1/2

[Event "GER-chT Lands U20"]
[Site "Hannover"]
[Date "2014.10.06"]
[Round "6.6"]
[White "Weber, Sandra"]
[Black "Denkert, Anna"]
[Result "1-0"]
[WhiteElo "1824"]
[BlackElo "1712"]
[PlyCount "61"]
[EventDate "2014.10.03"]
[EventType "team-swiss"]
[EventRounds "7"]
[EventCountry "GER"]
[SourceTitle "CBM 162 Extra"]
[Source "ChessBase"]
[SourceDate "2014.10.17"]
[SourceVersion "1"]
[SourceVersionDate "2014.10.17"]
[SourceQuality "1"]
[WhiteTeam "Wuerttemberg"]
[BlackTeam "Berlin"]
[WhiteTeamCountry "GER"]
[BlackTeamCountry "GER"]

1. e4 c6 2. d4 d5 3. Nc3 dxe4 4. Nxe4 Bf5 5. Ng3 Bg6 6. h4 h6 7. Nf3 Nd7 8. h5 Bh7 9. Bd3 Bxd3 10. Qxd3 e6 11. Bd2 Ngf6 12. 0-0-0 Be7 13. Qe2 0-0 14. Ne5 Qc7 15. f4 c5 16. Nxd7 Qxd7 17. Be3 Qa4 18. Kb1 Nd5 19. dxc5 Nxf4 20. Qg4 e5 21. Nf5 Bf6 22. Nxh6+ Kh8 23. Nf5 Qb5 24. Nd6 Qb4 25. a3 Qa5 26. Qf5 Kg8 27. h6 Ng6 28. hxg7 Bxg7 29. Qh5 Rfd8 30. Qh7+ Kf8 31. Bh6 1-0

[Event "GER-chT Lands U20"]
[Site "Hannover"]
[Date "2014.10.04"]
[Round "3.6"]
[White "Giede, Anna Blume"]
[Black "Weber, Sandra"]
[Result "1/2-1/2"]
[WhiteElo "1456"]
[BlackElo "1824"]
[PlyCount "84"]
[EventDate "2014.10.03"]
[EventType "team-swiss"]
[EventRounds "7"]
[EventCountry "GER"]
[SourceTitle "CBM 162 Extra"]
[Source "ChessBase"]
[SourceDate "2014.10.17"]
[SourceVersion "1"]
[SourceVersionDate "2014.10.17"]
[SourceQuality "1"]
[WhiteTeam "Team Nord"]
[BlackTeam "Wuerttemberg"]
[WhiteTeamCountry "GER"]
[BlackTeamCountry "GER"]

1. e4 c5 2. Nf3 Nc6 3. c3 g6 4. d4 cxd4 5. cxd4 Bg7 6. Nc3 d6 7. h3 Bd7 8. Bc4 Na5 9. Be2 b6 10. 0-0 Bc6 11. Bf4 Nf6 12. Bd3 0-0 13. Rc1 Qe8 14. Qd2 a6 15. b4 Nb7 16. Bh6 b5 17. Rfe1 a5 18. a3 Nd8 19. d5 Bd7 20. Rc2 e5 21. Rec1 Nh5 22. Ne2 f5 23. Bxg7 Nxg7 24. Rc7 Nf7 25. Ng3 f4 26. Ne2 axb4 27. axb4 Rb8 28. Ra1 Nh5 29. Raa7 Nf6 30. Kf1 g5 31. Kg1 h5 32. Nh2 g4 33. hxg4 hxg4 34. Nf1 Kg7 35. Qd1 Rh8 36. Nd2 Rh6 37. Kf1 Rh1+ 38. Ng1 f3 39. gxf3 gxf3 40. Ndxf3 Bh3+ 41. Ke2 Bd7 42. Rc5 Ra8 1/2-1/2

[Event "Wiesbaden op 26th"]
[Site "Wiesbaden"]
[Date "2014.08.31"]
[Round "7"]
[White "Faerber, David"]
[Black "Weber, Sandra"]
[Result "0-1"]
[WhiteElo "1691"]
[BlackElo "1800"]
[PlyCount "66"]
[EventDate "2014.08.28"]
[EventType "swiss"]
[EventRounds "7"]
[EventCountry "GER"]
[SourceTitle "CBM 162 Extra"]
[Source "ChessBase"]
[SourceDate "2014.10.17"]
[SourceVersion "1"]
[SourceVersionDate "2014.10.17"]
[SourceQuality "1"]

1. e4 c5 2. Nf3 Nc6 3. d4 cxd4 4. Nxd4 g6 5. Be3 Bg7 6. Nc3 Nf6 7. Bc4 Qa5 8. 0-0 0-0 9. Bb3 d6 10. f3 Bd7 11. Kh1 a6 12. Qd2 Qc7 13. Nxc6 Bxc6 14. Qf2 b5 15. a3 Rac8 16. Rfd1 Qb7 17. Rd2 a5 18. Qg1 a4 19. Ba2 b4 20. axb4 Qxb4 21. Qc1 a3 22. Rd4 Qxb2 23. Qxb2 axb2 24. Rb1 Nd7 25. Rxb2 Bxd4 26. Bxd4 Rb8 27. Nd5 Bxd5 28. Bxd5 Rxb2 29. Bxb2 Rb8 30. Bd4 Rb1+ 31. Bg1 Rc1 32. c4 Ne5 33. g3 Nxf3 0-1

[Event "Wiesbaden op 26th"]
[Site "Wiesbaden"]
[Date "2014.08.29"]
[Round "2"]
[White "Weber, Sandra"]
[Black "Lehmann, Falko"]
[Result "1-0"]
[WhiteElo "1800"]
[BlackElo "1578"]
[PlyCount "85"]
[EventDate "2014.08.28"]
[EventType "swiss"]
[EventRounds "7"]
[EventCountry "GER"]
[SourceTitle "CBM 162 Extra"]
[Source "ChessBase"]
[SourceDate "2014.10.17"]
[SourceVersion "1"]
[SourceVersionDate "2014.10.17"]
[SourceQuality "1"]

1. e4 d5 2. exd5 Nf6 3. d4 Qxd5 4. Nc3 Qd8 5. Nf3 Bf5 6. Bc4 e6 7. 0-0 Be7 8. h3 h6 9. Re1 c6 10. Bd3 Bxd3 11. Qxd3 Nbd7 12. Be3 0-0 13. Rad1 Nb6 14. Ne4 Nxe4 15. Qxe4 Qd5 16. Qg4 h5 17. Qg3 Qf5 18. c3 Nd5 19. Bh6 Qg6 20. Qxg6 fxg6 21. Bd2 Nc7 22. Ne5 Kh7 23. Re2 Rad8 24. Nd3 b6 25. Bf4 Bd6 26. Bg5 Rde8 27. Rde1 Be7 28. Bf4 Nd5 29. Bg3 Rf6 30. Rxe6 Rxe6 31. Rxe6 Rc8 32. Ne5 Bf6 33. Rxc6 Rxc6 34. Nxc6 a5 35. c4 Nb4 36. Nxb4 axb4 37. Be5 Kg8 38. Bxf6 gxf6 39. f3 Kf7 40. Kf2 Ke6 41. Ke3 f5 42. Kf4 Kf6 43. h4 1-0

[Event "GER-ch U16 Girls"]
[Site "Magdeburg"]
[Date "2014.06.12"]
[Round "7"]
[White "Koch, Elisabeth"]
[Black "Weber, Sandra"]
[Result "0-1"]
[WhiteElo "1822"]
[BlackElo "1723"]
[PlyCount "86"]
[EventDate "2014.06.08"]
[EventType "swiss"]
[EventRounds "9"]
[EventCountry "GER"]
[SourceTitle "CBM 160 Extra"]
[Source "ChessBase"]
[SourceDate "2014.07.01"]
[SourceVersion "1"]
[SourceVersionDate "2014.07.01"]
[SourceQuality "1"]

1. e4 c5 2. Nc3 Nc6 3. f4 g6 4. Nf3 Bg7 5. d3 e6 6. g3 Nge7 7. Bg2 0-0 8. 0-0 Rb8 9. e5 b6 10. Ne4 Nf5 11. g4 d5 12. gxf5 dxe4 13. dxe4 exf5 14. Ng5 Ba6 15. Re1 Qxd1 16. Rxd1 Nd4 17. c3 Ne2+ 18. Kf2 Nxc1 19. Raxc1 h6 20. Nh3 fxe4 21. Bxe4 Rbd8 22. Bd5 Bc8 23. Ng1 Bg4 24. Nf3 Bf5 25. Nh4 Bg4 26. Rd3 Kh8 27. Re1 g5 28. Ng2 Bf5 29. Rd2 Be6 30. c4 f6 31. Kg1 fxe5 32. fxe5 Rfe8 33. Re4 Bxd5 34. Rxd5 Rxd5 35. cxd5 Rxe5 36. Rxe5 Bxe5 37. b3 Kg7 38. Kf2 Bxh2 39. Ne3 Kg6 40. Kf3 Bf4 41. Nc4 Kf5 42. d6 Ke6 43. Kg4 Bxd6 0-1

[Event "GER-ch U16 Girls"]
[Site "Oberhof"]
[Date "2013.05.24"]
[Round "8"]
[White "Weber, Sandra"]
[Black "Bosse, Lea"]
[Result "1/2-1/2"]
[WhiteElo "1766"]
[BlackElo "1604"]
[PlyCount "65"]
[EventDate "2013.05.19"]
[EventType "swiss"]
[EventRounds "9"]
[EventCountry "GER"]
[SourceTitle "CBM 154 Extra"]
[Source "ChessBase"]
[SourceDate "2013.06.25"]
[SourceVersion "2"]
[SourceVersionDate "2013.06.25"]
[SourceQuality "1"]

1. e4 e6 2. d4 d5 3. Nc3 Nf6 4. Bg5 Bb4 5. Bxf6 Qxf6 6. e5 Bxc3+ 7. bxc3 Qd8 8. Nf3 c5 9. c4 cxd4 10. Nxd4 Nc6 11. Nxc6 bxc6 12. cxd5 cxd5 13. Qd4 Qa5+ 14. Qd2 Qxd2+ 15. Kxd2 Rb8 16. Bd3 Kd7 17. Rhb1 Rxb1 18. Rxb1 Kc7 19. Rb4 h5 20. Rf4 Rf8 21. Bg6 f5 22. exf6 gxf6 23. Bxh5 e5 24. Ra4 a6 25. Be2 Kb6 26. h4 f5 27. g3 Rh8 28. Ra3 e4 29. f3 f4 30. gxf4 Rxh4 31. fxe4 dxe4 32. Rb3+ Kc6 33. Ke3 1/2-1/2

[Event "GER-ch U16 Girls"]
[Site "Oberhof"]
[Date "2013.05.23"]
[Round "7"]
[White "Gassmann, Linda"]
[Black "Weber, Sandra"]
[Result "1/2-1/2"]
[WhiteElo "1784"]
[BlackElo "1766"]
[PlyCount "45"]
[EventDate "2013.05.19"]
[EventType "swiss"]
[EventRounds "9"]
[EventCountry "GER"]
[SourceTitle "CBM 154 Extra"]
[Source "ChessBase"]
[SourceDate "2013.06.25"]
[SourceVersion "2"]
[SourceVersionDate "2013.06.25"]
[SourceQuality "1"]

1. d4 Nf6 2. c4 g6 3. Nc3 Bg7 4. e4 d6 5. f4 0-0 6. Nf3 c5 7. d5 e6 8. dxe6 fxe6 9. Bd3 Nc6 10. 0-0 Kh8 11. a3 Nh5 12. Ne1 Nd4 13. g4 Nf6 14. Be3 Rg8 15. Ng2 Qe7 16. Bf2 e5 17. fxe5 dxe5 18. Bh4 Qd6 19. h3 Bd7 20. Nd5 Raf8 21. Nge3 a6 22. Kg2 Bc6 23. Nxf6 1/2-1/2

[Event "GER-ch U16 Girls"]
[Site "Oberhof"]
[Date "2013.05.22"]
[Round "6"]
[White "Weber, Sandra"]
[Black "Fesselier, Melissa"]
[Result "1-0"]
[WhiteElo "1766"]
[BlackElo "1738"]
[PlyCount "49"]
[EventDate "2013.05.19"]
[EventType "swiss"]
[EventRounds "9"]
[EventCountry "GER"]
[SourceTitle "CBM 154 Extra"]
[Source "ChessBase"]
[SourceDate "2013.06.25"]
[SourceVersion "2"]
[SourceVersionDate "2013.06.25"]
[SourceQuality "1"]

1. e4 c5 2. Nf3 e6 3. d4 cxd4 4. Nxd4 Nc6 5. Nc3 Qc7 6. Be3 a6 7. Bd3 d6 8. f4 Nf6 9. 0-0 Be7 10. Qf3 0-0 11. Kh1 Rb8 12. Rae1 Nxd4 13. Bxd4 e5 14. Ba7 Ra8 15. Be3 b5 16. Nd5 Nxd5 17. exd5 f5 18. fxe5 dxe5 19. d6 e4 20. Bxe4 fxe4 21. Qxf8+ Bxf8 22. dxc7 Bb7 23. Rd1 Be7 24. Bc5 Bh4 25. Rd8+ 1-0

[Event "GER-ch U16 Girls"]
[Site "Oberhof"]
[Date "2013.05.21"]
[Round "5"]
[White "Weber, Sandra"]
[Black "Koch, Elisabeth"]
[Result "1-0"]
[WhiteElo "1766"]
[BlackElo "1732"]
[PlyCount "53"]
[EventDate "2013.05.19"]
[EventType "swiss"]
[EventRounds "9"]
[EventCountry "GER"]
[SourceTitle "CBM 154 Extra"]
[Source "ChessBase"]
[SourceDate "2013.06.25"]
[SourceVersion "2"]
[SourceVersionDate "2013.06.25"]
[SourceQuality "1"]

1. e4 e5 2. Nf3 Nc6 3. d4 exd4 4. Nxd4 Nf6 5. Nxc6 bxc6 6. Bd3 Bc5 7. 0-0 0-0 8. Bg5 Re8 9. Nc3 h6 10. Bh4 Bd4 11. Re1 Bxc3 12. bxc3 g5 13. Bg3 d6 14. e5 Ng4 15. exd6 Rxe1+ 16. Qxe1 cxd6 17. Qe4 Be6 18. Qh7+ Kf8 19. h3 Ne5 20. Qxh6+ Ke8 21. Bxe5 dxe5 22. Qh8+ Ke7 23. Qxe5 f6 24. Qe4 Qd7 25. Re1 Kd6 26. Qd4+ Kc7 27. Qxf6 1-0

[Event "Stuttgart-chA int"]
[Site "Ditzingen"]
[Date "2013.05.11"]
[Round "5"]
[White "Ackermann, Hermann"]
[Black "Weber, Sandra"]
[Result "1/2-1/2"]
[WhiteElo "1973"]
[BlackElo "1766"]
[PlyCount "76"]
[EventDate "2013.05.09"]
[EventType "swiss"]
[EventRounds "7"]
[EventCountry "GER"]
[SourceTitle "EXT 2014"]
[Source "ChessBase"]
[SourceDate "2013.11.20"]
[SourceVersion "1"]
[SourceVersionDate "2013.11.20"]
[SourceQuality "1"]

1. Nf3 Nf6 2. c4 g6 3. Nc3 Bg7 4. d4 d6 5. Bg5 Nbd7 6. Qd2 0-0 7. Bh6 e5 8. Bxg7 Kxg7 9. dxe5 Nxe5 10. Nd4 Nxc4 11. Qf4 Ne5 12. h3 Qe7 13. 0-0-0 a6 14. g4 c5 15. Nf3 Nxf3 16. Qxf3 Be6 17. e4 b5 18. Qf4 b4 19. Nd5 Bxd5 20. exd5 Qe4 21. Qxe4 Nxe4 22. Rh2 Rfe8 23. f3 Nf6 24. f4 a5 25. g5 Nh5 26. Rf2 Ng3 27. Bd3 Nf5 28. Bxf5 gxf5 29. h4 Re3 30. h5 Rae8 31. Kd2 R8e4 32. Rc1 a4 33. Rc2 a3 34. b3 Re1 35. Rc1 R1e3 36. Rc2 Re1 37. Rc1 R1e3 38. Rc2 Re1 1/2-1/2

[Event "Stuttgart-chA int"]
[Site "Ditzingen"]
[Date "2013.05.10"]
[Round "3"]
[White "Dimitriadis, Pavlos"]
[Black "Weber, Sandra"]
[Result "1-0"]
[WhiteElo "1871"]
[BlackElo "1766"]
[PlyCount "123"]
[EventDate "2013.05.09"]
[EventType "swiss"]
[EventRounds "7"]
[EventCountry "GER"]
[SourceTitle "EXT 2014"]
[Source "ChessBase"]
[SourceDate "2013.11.20"]
[SourceVersion "1"]
[SourceVersionDate "2013.11.20"]
[SourceQuality "1"]

1. e4 c5 2. c3 d6 3. f4 g6 4. Nf3 Bg7 5. g3 Nc6 6. Bg2 Qc7 7. d3 Bd7 8. a4 e6 9. 0-0 Nge7 10. Na3 a6 11. Nc4 b6 12. e5 dxe5 13. fxe5 0-0 14. Qe2 Nf5 15. g4 b5 16. axb5 axb5 17. Rxa8 Rxa8 18. Na3 b4 19. Nb5 Qb6 20. gxf5 Qxb5 21. c4 Qb8 22. f6 Bf8 23. Ng5 Ra1 24. Nf3 Nd4 25. Nxd4 cxd4 26. Bf4 Qa7 27. Qd2 Rxf1+ 28. Bxf1 Bc6 29. h4 Ba8 30. Kh2 Qc5 31. Kh3 Bf3 32. Kg3 Bh1 33. Kh2 Bf3 34. Kg3 Bh1 35. Bg2 Bxg2 36. Qxg2 h5 37. Qa8 b3 38. Kh3 Qb4 39. Bh6 Qc5 40. Kg2 Qb4 41. Kf3 Qc5 42. Ke4 Qb4 43. Kxd4 Qb6+ 44. Ke4 Qb4 45. Qxf8+ Qxf8 46. Bxf8 Kxf8 47. d4 Ke8 48. d5 exd5+ 49. cxd5 Kd7 50. Kf4 Ke8 51. Kg5 Kd7 52. Kh6 Ke8 53. e6 Kf8 54. Kg5 Ke8 55. exf7+ Kf8 56. d6 Kxf7 57. d7 Ke6 58. d8Q Ke5 59. f7 Ke4 60. f8Q Ke3 61. Qf4+ Ke2 62. Qdd2# 1-0

[Event "Stuttgart-chA int"]
[Site "Ditzingen"]
[Date "2013.05.10"]
[Round "4"]
[White "Weber, Sandra"]
[Black "Speicher, Franz"]
[Result "1-0"]
[WhiteElo "1766"]
[BlackElo "1898"]
[PlyCount "99"]
[EventDate "2013.05.09"]
[EventType "swiss"]
[EventRounds "7"]
[EventCountry "GER"]
[SourceTitle "EXT 2014"]
[Source "ChessBase"]
[SourceDate "2013.11.20"]
[SourceVersion "1"]
[SourceVersionDate "2013.11.20"]
[SourceQuality "1"]

1. e4 c6 2. d4 d5 3. Nc3 dxe4 4. Nxe4 Bf5 5. Ng3 Bg6 6. h4 h6 7. Nf3 Nd7 8. h5 Bh7 9. Bd3 Bxd3 10. Qxd3 e6 11. Bd2 Ngf6 12. Qe2 Be7 13. 0-0-0 0-0 14. Ne4 Nxe4 15. Qxe4 Nf6 16. Qe2 Qd5 17. c4 Qf5 18. Ne5 Ne4 19. g4 Qh7 20. Be3 Bf6 21. Nd7 Rfd8 22. Nxf6+ gxf6 23. Rhg1 b5 24. f3 Nd6 25. c5 Nc4 26. Bf2 Kf8 27. b3 Na3 28. Kb2 b4 29. Bh4 Ke7 30. Rd2 Rd5 31. Qa6 Rad8 32. Bf2 Nb5 33. Rgd1 Nc3 34. Re1 Qh8 35. Qxc6 a5 36. Bg3 e5 37. Bh4 e4 38. Bf2 Rc8 39. Qb6 Qd8 40. Qa6 Rdxc5 41. fxe4 Nb5 42. d5 Qc7 43. d6+ Nxd6 44. Bxc5 Qxc5 45. Qd3 Rd8 46. Kb1 Qe5 47. Qd4 Qf4 48. Rf2 Qg5 49. e5 Nb7 50. Qe4 1-0